Các thuyết trình tại lễ trao giải Nobel Về khoa học kinh tế 1969 - 1980

Zapisane w:
Opis bibliograficzny
1. autor: Lindbeck, Assar
Format: Książka
Język:Undetermined
Wydane: Hà Nội Chính trị Quốc gia 2000
Hasła przedmiotowe:
Etykiety: Dodaj etykietę
Nie ma etykietki, Dołącz pierwszą etykiete!
Thư viện lưu trữ: Trung tâm Học liệu Trường Đại học Cần Thơ
LEADER 00602nam a2200193Ia 4500
001 CTU_58697
008 210402s9999 xx 000 0 und d
020 |c 65000 
082 |a 330 
082 |b L742 
100 |a Lindbeck, Assar 
245 0 |a Các thuyết trình tại lễ trao giải Nobel Về khoa học kinh tế 1969 - 1980 
245 0 |c Assar Lindbeck ; Trần Thị Thái Hà (dịch) 
260 |a Hà Nội 
260 |b Chính trị Quốc gia 
260 |c 2000 
650 |a Economics 
904 |i Minh 
980 |a Trung tâm Học liệu Trường Đại học Cần Thơ